Iruttinte Athmavu_Malayalam (Record no. 38150)
[ view plain ]
| 000 -LEADER | |
|---|---|
| fixed length control field | 01294nam a22001697a 4500 |
| 082 ## - DEWEY DECIMAL CLASSIFICATION NUMBER | |
| Classification number | 920 VAS |
| 100 ## - MAIN ENTRY--AUTHOR NAME | |
| Personal name | Vasudevan Nair M T |
| 245 ## - TITLE STATEMENT | |
| Title | Iruttinte Athmavu_Malayalam |
| 250 ## - EDITION STATEMENT | |
| Edition statement | 1 |
| 260 ## - PUBLICATION, DISTRIBUTION, ETC. (IMPRINT) | |
| Name of publisher | Current Books |
| Place of publication | Thrissur |
| Year of publication | 2024 |
| 300 ## - PHYSICAL DESCRIPTION | |
| Number of Pages | Number of pages : 108 |
| 520 ## - SUMMARY, ETC. | |
| Summary, etc | เดจเตเดตเตเดเตเดฃเตเดเต เดฎเดดเดตเดฟเดฒเตเดฒเต เดตเดฟเดเตผเดคเตเดคเดฟเดฏ เดเดฅเดเดณเดพเดฃเต เด เดชเตเดธเตเดคเดเดคเตเดคเดฟเตฝ. เดตเดพเดฏเดจเดฏเต เดนเตเดฆเดฏเดคเตเดคเดฟเดจเตเดฑเต เดเดฑเตเดฑเดตเตเด เดธเตเดตเดเดพเดฐเตเดฏเดฎเดพเดฏ เดเดจเดจเตเดฆเดฎเดพเดเตเดเดฟเดฏ เด เดเดฅเดเตพ เดฎเดฒเดฏเดพเดณเดเดฅเดฏเตเดเต เดเดจเตเดจเดคเตเดคเตเดฏเตเด เดธเตเดญเดพเดเตเดฏเดเตเดเดณเดพเดฃเต. เดเดฐเตเดเตเดเดฟเดจเตเดฑเต เดเดคเตเดฎเดพเดตเดฟเดฒเต เดตเตเดฒเดพเดฏเตเดงเตป เดเดจเตเดจ เดฎเดฒเดฏเดพเดณเดฟเดฏเตเดเต เดเดเดพเดจเตเดค เดตเตเดฆเดจเดเดณเตเดเต เดเตพเดฐเตเดชเดฎเดพเดฏเดฟเดเตเดเดดเดฟเดเตเดเต. เดเดคเตเดฐเต เดธเดพเดงเดพเดฐเดฃ เดเดฅเดพเดชเตเดธเตเดคเดเดฎเดฒเตเดฒ. เดจเดฎเตเดฎเตเดเต เดธเดเดธเตเดเดพเดฐเดคเตเดคเดฟเดจเตเดฑเต เดญเดพเดเดฎเดพเดฏเดฟเดคเตเดคเตเตผเดจเตเดจ เดฐเดเดจเดเดณเตเดเต เดธเดฎเดพเดนเดพเดฐเดฎเดพเดฃเต. |
| 546 ## - LANGUAGE NOTE | |
| Language note | Language : Malayalam |
| 650 ## - SUBJECT ADDED ENTRY--TOPICAL TERM | |
| Topical Term | GEN |
| 942 ## - ADDED ENTRY ELEMENTS (KOHA) | |
| Koha item type | Text Book |
| 952 ## - LOCATION AND ITEM INFORMATION (KOHA) | |
| Damaged status | |
| Not for loan | |
| Withdrawn status | Collection code | Permanent Location | Current Location | Date acquired | Source of acquisition | Cost, normal purchase price | Inventory number | Full call number | Accession Number | Price effective from | Koha item type |
|---|---|---|---|---|---|---|---|---|---|---|---|
| GENERAL | VAST Central Library | VAST Central Library | 28/11/2025 | Minerva Books | 170.00 | 90 | 920 VAS | 38298 | 22/12/2025 | Text Book |